Bản vẽ xây dựng tiêu chuẩn quốc tế
Salvato in:
| Natura: | Libro |
|---|---|
| Lingua: | Undetermined |
| Pubblicazione: |
Hà Nội
Xây Dựng
2002
|
| Soggetti: | |
| Tags: |
Aggiungi Tag
Nessun Tag, puoi essere il primo ad aggiungerne! !
|
| Thư viện lưu trữ: | Trung tâm Học liệu Trường Đại học Cần Thơ |
|---|
| LEADER | 00651nam a2200205Ia 4500 | ||
|---|---|---|---|
| 001 | CTU_52336 | ||
| 008 | 210402s9999 xx 000 0 und d | ||
| 020 | |c 33000 | ||
| 082 | |a 692.10218 | ||
| 082 | |b B105 | ||
| 245 | 0 | |a Bản vẽ xây dựng tiêu chuẩn quốc tế | |
| 245 | 0 | |c Dịch giả Trần Hữu Quế và Nguyễn Văn Tuấn | |
| 260 | |a Hà Nội | ||
| 260 | |b Xây Dựng | ||
| 260 | |c 2002 | ||
| 650 | |a engineering drawings,architecture | ||
| 650 | |x standards | ||
| 904 | |i Mai | ||
| 910 | |a chuyển PL từ 692.1 thành 692.10218 | ||
| 980 | |a Trung tâm Học liệu Trường Đại học Cần Thơ | ||